Stolice Reprezentacji Euro 2020 - Statystyki

Ogólne statystyki
  • Ten quiz został rozwiązany 265 razy
  • Średni wynik to 18 z 24
Statystyki odpowiedzi
Grupa A % Poprawnych
Warszawa
96%
Madryt
92%
Lizbona
91%
Rzym
91%
Londyn
89%
Berlin
88%
Paryż
87%
Kijów
84%
Praga
82%
Amsterdam
81%
Sztokholm
81%
Bratysława
79%
Bruksela
79%
Wiedeń
79%
Budapeszt
78%
Kopenhaga
77%
Moskwa
77%
Zagrzeb
74%
Helsinki
71%
Berno
70%
Ankara
59%
Cardiff
52%
Skopje
47%
Edynburg
45%
Nie znaleziono quizów pasujących do podanych kryteriów
Rozkład punktacji
Procent ludzi z każdym wynikiem
Percentyl według liczby udzielonych odpowiedzi
Twoja historia wyników
Nie rozwiązałeś tego quizu